000 00934pam a2200301 a 4500
999 _c25886
_d25886
001 17164802
003 OSt
005 20210628123433.0
008 120214s2011 onca b 001 0 eng
010 _a 2012359318
020 _a9780195433784 (pbk.)
020 _a0195422953 (pbk.)
035 _a(OCoLC)ocn122706991
040 _aMMU
_cMMU
_beng
_dMMU
042 _apcc
043 _an-cn---
050 0 0 _aHV6807
_b.O47 2011
082 0 4 _a364.971
_222
100 1 _aO'Grady, William,
_d1959-
245 1 0 _aCrime in Canadian context :
_bdebates and controversies /
_cWilliam O'Grady.
250 _a2nd ed.
260 _aDon Mills, Ont. :
_bOxford University Press,
_c2011.
300 _aix, 262 p. :
_bill. ;
_c23 cm.
500 _aIncludes bibliographical references and index.
650 0 _aCriminology
_zCanada
_vTextbooks.
650 0 _aCrime
_zCanada
_xSociological aspects
_vTextbooks.
942 _2lcc
_cLOAN LOAN
_e2nd ed.